Molecular descriptors for chemoinformatics / (Record no. 26486)
[ view plain ]
| 000 -LEADER | |
|---|---|
| fixed length control field | 01021cam a22003135a 4500 |
| 001 - CONTROL NUMBER | |
| control field | 014778273 |
| 003 - CONTROL NUMBER IDENTIFIER | |
| control field | OSt |
| 005 - DATE AND TIME OF LATEST TRANSACTION | |
| control field | 20180410153118.0 |
| 008 - FIXED-LENGTH DATA ELEMENTS--GENERAL INFORMATION | |
| fixed length control field | 080901s2009 gw a frb 000 0 eng d |
| 020 ## - INTERNATIONAL STANDARD BOOK NUMBER | |
| International Standard Book Number | 9783527318520 |
| 020 ## - INTERNATIONAL STANDARD BOOK NUMBER | |
| International Standard Book Number | 3527318526 |
| 040 ## - CATALOGING SOURCE | |
| Original cataloging agency | StDuBDS |
| Language of cataloging | eng |
| Transcribing agency | StDuBDS |
| Modifying agency | Uk |
| -- | EG-ScBUE |
| 082 04 - DEWEY DECIMAL CLASSIFICATION NUMBER | |
| Edition number | 22 |
| Classification number | 615.19 |
| Item number | TOD |
| 100 1# - MAIN ENTRY--PERSONAL NAME | |
| Personal name | Todeschini, Roberto. |
| 245 10 - TITLE STATEMENT | |
| Title | Molecular descriptors for chemoinformatics / |
| Statement of responsibility, etc | Roberto Todeschini and Viviana Consonni. |
| 250 ## - EDITION STATEMENT | |
| Edition statement | 2nd ed., rev. and enl. |
| 260 ## - PUBLICATION, DISTRIBUTION, ETC. (IMPRINT) | |
| Place of publication, distribution, etc | Weinheim : |
| Name of publisher, distributor, etc | Wiley-VCH ; |
| Place of publication, distribution, etc | Chichester : |
| Name of publisher, distributor, etc | John Wiley, |
| Date of publication, distribution, etc | 2009. |
| 300 ## - PHYSICAL DESCRIPTION | |
| Extent | v. 1. : |
| Other physical details | ill. ; |
| Dimensions | 25 cm. |
| 490 0# - Series Statement | |
| Series statement | Methods and principles in medicinal chemistry ; |
| Volume/sequential designation | Vol. 41 |
| 504 ## - BIBLIOGRAPHY, ETC. NOTE | |
| Bibliography, etc | Includes bibliographical references. |
| 505 0# - FORMATTED CONTENTS NOTE | |
| Formatted contents note | v. 1. Alphabetical listing. |
| 650 #7 - SUBJECT ADDED ENTRY--TOPICAL TERM | |
| Topical term or geographic name as entry element | Drugs |
| General subdivision | Design. |
| Source of heading or term | BUEsh |
| 9 (RLIN) | 30136 |
| 650 #7 - SUBJECT ADDED ENTRY--TOPICAL TERM | |
| Topical term or geographic name as entry element | Chemoinformatics. |
| Source of heading or term | BUEsh |
| 650 #7 - SUBJECT ADDED ENTRY--TOPICAL TERM | |
| Topical term or geographic name as entry element | Molecular pharmacology. |
| Source of heading or term | BUEsh |
| 651 ## - SUBJECT ADDED ENTRY--GEOGRAPHIC NAME | |
| Source of heading or term | BUEsh |
| 653 ## - INDEX TERM--UNCONTROLLED | |
| Resource For college | Generalities |
| Arrived date list | April2018 |
| 700 1# - ADDED ENTRY--PERSONAL NAME | |
| Personal name | Consonni, Viviana. |
| 942 ## - ADDED ENTRY ELEMENTS (KOHA) | |
| Source of classification or shelving scheme | Dewey Decimal Classification |
| Withdrawn status | Item status | Source of classification or shelving scheme | Damaged status | Not for loan | Home library | Current library | Shelving location | Date acquired | Total Checkouts | Full call number | Barcode | Date last seen | Koha item type |
|---|---|---|---|---|---|---|---|---|---|---|---|---|---|
| Dewey Decimal Classification | Central Library | Central Library | First floor | 10/04/2018 | 615.19 TOD | 000047577 | 15/07/2025 | Book - Borrowing |